|
|
|
|
| LEADER |
00968nam a2200229 a 4500 |
| 008 |
091001s1998 nyua b i000 0 eng d |
| 020 |
|
|
|a 9211261058
|
| 040 |
|
|
|a IUL
|c IUL
|d DLC
|
| 082 |
0 |
0 |
|a 362.5/561
|2 22
|
| 245 |
0 |
0 |
|a Overcoming human poverty /
|c United Nations Development Programme.
|
| 260 |
|
|
|a New York, N.Y. :
|b UNDP,
|c c1998.
|
| 300 |
|
|
|a 139 p. :
|b ill. ;
|c 28 cm.
|
| 490 |
0 |
|
|a UNDP poverty report ;
|v 2000
|
| 500 |
|
|
|a "U.N. sales number E.00.III.B.2"--Verso of t.p.
|
| 504 |
|
|
|a Includes bibliographical references (p. 139).
|
| 541 |
1 |
|
|e 00006525
|
| 650 |
|
0 |
|a Poverty
|x Government policy.
|
| 650 |
|
0 |
|a Poverty
|x International cooperation.
|
| 710 |
2 |
|
|a United Nations Development Programme.
|
| 852 |
4 |
|
|a Ayesha Abed Library
|j General shelf
|
| 999 |
|
|
|c 4113
|d 4113
|
| 952 |
|
|
|0 0
|1 0
|2 ddc
|4 0
|6 362_5561OVE_199800000000000
|7 0
|9 3785
|a BRACUL
|b BRACUL
|c GEN
|d 2009-10-03
|g 0.00
|l 0
|o 362.5561OVE
|p 3010006525
|r 2009-10-03
|t 1
|w 2009-10-03
|y BK
|x No price found in the accession register.
|